000 01207cam a2200325 4500
001 1671
003 BD-RjUL
005 20211208233402.0
008 131208s1972 nyu b 001 0 eng
020 _a0195015037
035 _a(BD-RjUL)1698
040 _aDLC
_cDLC
_dDLC
_dBD-RjUL
_beng
041 _aeng
082 0 0 _a322.4
_bPHI 1972
245 0 0 _aPhilosophy & political action :
_bessays edited for the New York Group of the Society for Philosophy and Public Affairs /
_cedited by Virginia Held, Kai Nielsen and Charles Parsons.
260 _aNew York :
_bOxford University Press,
_cc1972.
300 _ax, 282 p. ;
_c21 cm.
504 _aIncludes bibliographical references.
504 _aIncludes index.
650 0 _aGovernment, Resistance to
_zUnited States.
_95535
650 0 _aCommunity and college
_zUnited States.
_95536
651 0 _aUnited States
_xPolitics and government
_y1945-1989.
_95537
700 1 _aHeld, Virginia,
_eed.
_95538
700 1 _aNielsen, Kai,
_d1926-
_eed.
_95539
700 1 _aParsons, Charles,
_d1933-
_eed.
_95540
710 2 _aSociety for Philosophy and Public Affairs.
_bNew York Group.
_95541
942 _2ddc
_cBK
999 _c1671
_d1671